00625nam a2200205Ia 4500003000400000005001700004008004100021040000700062041000800069082001500077100003000092245005800122260002000180300000900200650002000209700002700229942001300256999001900269952013100288OSt20260123110747.0250729s2003 xx 000 0 und d cAL aeng a020.2 GOKS aGovt of Karnataka9227883 aSocial science geography and economics 10 std part II aBangalorec2003 a124p aHistory9227884 aGoo Digumurthi9227885 2ddccBED c237808d237808 00104070aALbALd2025-07-29eManagement Booksg150.00l0o020.2 GOKSpBED03127r2025-07-29 16:56:05v150.00w2025-07-29yBK